000 00819nam a2200253Ia 4500
003 OSt
005 20220923213448.0
006 a|||||r|||| 00| 0
007 ta
008 220922b |||||||| |||| 00| 0 hin d
024 _a162,202
037 _cTextual
040 _aARTS
_cARTS
_bhin
041 _2hin
_ahin
082 _aO152,2(NT):g, N9
100 _aअंकुर, देवेन्द्र राज
245 0 _aपहला रंग
246 _aPahalā ranga
260 _aनयी दिल्ली
_b राजकमल प्रकाशन
_c1999
300 _a191 पृ.
_ccm.
650 _aहिन्दी साहित्य
_9156264
942 _hO152,2(NT):g, N9
_cTEXL
_2CC
999 _c316703
_d316703